000 00493nam a2200181 a 4500
001 6433
003 CO-ViMGA
008 141112s2004 ck r 000 u spa d
040 _aCO-ViMGA
_bspa
_cCO-ViMGA
082 0 4 _a658.8 W474
100 1 _aWither, Jean
_95206
245 1 0 _aMarketing de servicios :
_bguía de planificación para pequeñas empresas
260 _aBarcelona :
_bGranica,
_c1995
300 _a169 p : il
490 _aManagement
650 1 4 _aMERCADOTECNIA
942 _2ddc
_cBK
999 _c18403
_d18403